The Catholic University of Eastern Africa Faculty of Arts and Social Sciences Department of Religious Studies (Record no. 147)

MARC details
000 -LEADER
fixed length control field 00503nam a22001097a 4500
008 - FIXED-LENGTH DATA ELEMENTS--GENERAL INFORMATION
fixed length control field 230602b xxu||||| |||| 00| 0 eng d
082 ## - DEWEY DECIMAL CLASSIFICATION NUMBER
Classification number 172
Item number CAR
100 ## - MAIN ENTRY--PERSONAL NAME
Titles and words associated with a name Giuseppe Caramazza
245 ## - TITLE STATEMENT
Title The Catholic University of Eastern Africa Faculty of Arts and Social Sciences Department of Religious Studies
Remainder of title Influence of Religious Ideologies and Religious Leaders on Politicians' Ethical and Transformative Choices with Special Reference to Kenyan Members of Parliament
300 ## - PHYSICAL DESCRIPTION
Extent 201 pages
942 ## - ADDED ENTRY ELEMENTS (KOHA)
Source of classification or shelving scheme Dewey Decimal Classification
Koha item type Books
Holdings
Withdrawn status Lost status Source of classification or shelving scheme Damaged status Not for loan Home library Current library Date acquired Total Checkouts Full call number Barcode Date last seen Price effective from Koha item type
    Dewey Decimal Classification     Bunge Tower Library Bunge Tower Library 06/02/2023   172 CAR 100013578 06/02/2023 06/02/2023 Books
LIBRARY OPENING HOURS

When the Parliament is sitting: 8.00a.m - 7.00p.m or until the house adjourns
Mondays and Fridays and when the House is on Recess:  8.00a.m - 5.00p.m
Closed on Weekends and Public Holidays

Online Public Access Catalog (OPAC)
Website: http://www.parliament.go.ke
Bunge Library: https://libraryir.parliament.go.ke
Contact: library@parliament.go.ke | Tel no: (254-2)2221291 or 2848000 Ext 5043